00330 a2200121 4500001001000000005001700010008004100027245002600068100003100094700001900125773004700144999001700191ART_5702220260410162049.0260409a 10aActualidad tributaria1 aDalmasio, Adalberto Raúl1 aBaldo, Alberto0 tImpuestosg- N° 130 (ago. 2022)wREV45175 c35632d35632